NOSNÍKOVÝ ROŠT

Bibliographic Details
Main Author: Kovář, Anselm (Author)
Format: Article
Language:Czech

MARC

LEADER 00000nab a2200000uu 4500
001 vtls010895867
003 SK-MaSNL
005 20260303141712.0
008 230222|1959 xo |||||||||||||||||cze|
015 |a SNBRB 
035 |a (urnnbn)urn:nbn:sk:snk:ar-006jf6 
035 |a (uuid)90cade0d-3d54-4889-bb7c-368bc8951ef5 
035 |a urn:nbn:sk:snk-ab8onp 
040 |a SNKBUCL  |b slo  |c SNKBUCL  |e AACR2 
041 0 |a cze 
044 |a xo  |c SK 
100 1 |a Kovář, Anselm  |4 aut  |9 1161510 
245 1 0 |a NOSNÍKOVÝ ROŠT  |c Anselm Kovář 
773 0 |t Stavebnícky časopis : mesačník pre teoretické problémy stavebných látok a konštrukcií  |g Roč. 7, č. 6 (1959), s. 340-353 
958 |a OND 
958 |a EUIPO 
958 |a article10 
999 |c 1978008  |d 1979938